Web server technology : the advanced guide for World Wide Web information providers /

Sparad:
Bibliografiska uppgifter
Huvudupphovsman: Yeager, Nancy J.
Materialtyp: Bok
Språk:English
Publicerad: San Fracisco : Morgan Kaufmann, 1996.
Ämnen:
Taggar: Lägg till en tagg
Inga taggar, Lägg till första taggen!
Thư viện lưu trữ: Mạng thư viện Đại học Đà Nẵng
LEADER 00861cam a2200325 i 4500
001 000045724
003 4919
005 20030304113254.0
008 010220|1996 vm 000 eng
020 |a 155860376X (pbk.) 
040 |a IRC  |c IRC  |d IRC 
041 0 |a eng 
082 1 4 |a 004.678  |b YE-N 
100 1 |a Yeager, Nancy J. 
245 0 0 |a Web server technology :  |b the advanced guide for World Wide Web information providers /  |c Nancy J. Yeager. 
260 |a San Fracisco :  |b Morgan Kaufmann,  |c 1996. 
300 |a xv, 407p. :  |b ill. 
630 0 4 |a Web. 
630 0 4 |a Web server technology. 
650 0 4 |a Web servers. 
OWN |a DUT 
999 |a From the UDN01 
TYP |a Monograph 
TYP |a Printed language 
980 |a Mạng thư viện Đại học Đà Nẵng